| 000 | 00530nam a2200181Ia 4500 | ||
|---|---|---|---|
| 008 | 220216s9999 xx 000 0 und d | ||
| 100 | _aBich Nguyen Ngoc | ||
| 245 | 2 | _aA Survey on effluent treatment systems of rubber factories in Vietnam | |
| 260 |
_bIndian Journal of Natural Rubber Research _c2003 |
||
| 300 | _a21-25 | ||
| 650 | _aEffluent treatment | ||
| 650 | _aEffluent treatment | ||
| 650 | _aRubber effluent | ||
| 650 | _aRubber effluent | ||
| 650 | _aWater pollution | ||
| 650 | _aWater pollution | ||
| 942 | _cAR | ||
| 999 |
_c47309 _d47309 |
||